000 01346nam a2200325 a 4500
001 BRL_311
005 20190320210700.0
008 290713s1988----u--o#####c---#000-0#eng-#
020 _a0890131899
041 _aeng
044 _au
050 4 _aF1219.3.M4
_b.B44 1988
245 1 0 _aBehind the Mask in Mexico
_cedited by Janet Brody Esser ; essays and field photographs by Marsha Bol ... [et al.].
260 _aSanta Fe, N. M.
_bMuseum of International Folk Art, Museum of New Mexico Press
_c1988
300 _axv, 351 p.
_bil. (algunas a color), mapas
_c31 cm.
500 _aIncluye glosario e índice alfabético
500 _aPublished on the occasion of an exhibition sponsored by the Museum of International Folk Art, a unit of the Museum of New Mexico, June 1988-September, 1990
500 _aEstado físico: lomo despegado
500 _aej.1 Au2271, ej.2 Au2290
500 _aLa biblioteca cuenta con dos ejemplares
504 _aBibliografía : p. 332-343
650 1 4 _aMáscaras indígenas
_vExposiciones
_zMéxico
_923516
650 1 4 _aIndígenas de México
_vExposiciones
_xRitos y ceremonias
_923517
650 1 4 _aMáscaras
_vExposiciones
_zMéxico
_923518
650 1 4 _aFestivales
_vExposiciones
_zMéxico
_923519
700 1 _aBrody Esser, Janet
_923520
700 1 _aBol, Marsha
_923521
902 _aGRL
942 _2lcc
_cB
999 _c9124
_d9124